Loading...
| Literature - European | 0 | 4 | 0 | 0 | 40 | 35 | 98.50 | 1 | 2 | 0.00 | 0.00 |
| Literature - World/Other | 0 | 4 | 1 | 0 | 35 | 31 | 88.50 | 2 | 2 | 0.00 | 0.00 |
| Literature - British | 0 | 4 | 1 | 1 | 35 | 44 | 85.00 | 1 | 1 | 0.00 | 0.00 |
| Fine Arts - Visual | 0 | 3 | 0 | 1 | 30 | 119 | 125.67 | 0 | 1 | 0.00 | 0.00 |
| Mythology | 0 | 3 | 0 | 0 | 30 | 84 | 99.67 | 0 | 0 | 0.00 | 0.00 |
| Religion | 0 | 3 | 1 | 1 | 25 | 50 | 77.00 | 0 | 3 | 0.00 | 0.00 |
| Fine Arts - Other | 0 | 2 | 1 | 0 | 15 | 94 | 117.50 | 0 | 0 | 0.00 | 0.00 |
| Fine Arts - Classical Music | 0 | 1 | 0 | 1 | 10 | 136 | 136.00 | 0 | 0 | 0.00 | 0.00 |
| History - European | 0 | 1 | 0 | 1 | 10 | 90 | 90.00 | 0 | 0 | 0.00 | 0.00 |
| History - Other | 0 | 1 | 0 | 0 | 10 | 69 | 69.00 | 0 | 0 | 0.00 | 0.00 |
| Science - Physics | 0 | 1 | 0 | 0 | 10 | 63 | 63.00 | 0 | 0 | 0.00 | 0.00 |
| Literature - American | 0 | 1 | 2 | 0 | 0 | 114 | 114.00 | 0 | 0 | 0.00 | 0.00 |
| History - American | 0 | 0 | 1 | 0 | -5 | 0.00 | 0 | 0 | 0.00 | 0.00 |